[Event "COL-chT"]
[Site "Bogota"]
[Date "2010.10.17"]
[Round "6.10"]
[White "Motta Leon, Gerardo"]
[Black "Sanchez, Jose Santos"]
[Result "1-0"]
[WhiteElo "1600"]
[BlackElo "1600"]
[PlyCount "129"]
[EventDate "2010.10.15"]
[EventType "swiss"]
[EventRounds "7"]
[EventCountry "COL"]
[SourceTitle "EXT 2024"]
[Source "ChessBase"]
[SourceDate "2023.10.10"]
[SourceVersion "1"]
[SourceVersionDate "2023.10.10"]
[SourceQuality "1"]

1. e4 e5 2. Nf3 Nc6 3. Bb5 d6 4. d4 Bd7 5. Bxc6 Bxc6 6. d5 Bd7 7. c4 Be7 8. Nc3 Bg4 9. h3 Bxf3 10. Qxf3 Nf6 11. g4 h6 12. Be3 Nh7 13. Qg3 Bh4 14. Qf3 Ng5 15. Qe2 Qf6 16. 0-0-0 0-0 17. Rdf1 Nf3 18. Qd3 a6 19. Ne2 c6 20. Ng3 c5 21. Nf5 Nd4 22. f4 Nxf5 23. gxf5 b5 24. Rhg1 bxc4 25. Qxc4 exf4 26. Bd2 Bg3 27. Bxf4 Bxf4+ 28. Rxf4 Kh7 29. Rfg4 Rg8 30. Qc3 Qxc3+ 31. bxc3 f6 32. Kc2 Ra7 33. Rb1 Re8 34. Rb6 Rd8 35. Kd3 a5 36. a4 Rdd7 37. Rg2 Rab7 38. Rgb2 Rxb6 39. Rxb6 g6 40. fxg6+ Kxg6 41. Ra6 Kg5 42. Rxa5 Kh4 43. Ra8 h5 44. Rf8 Kxh3 45. Rxf6 h4 46. e5 dxe5 47. Ke4 Kg2 48. Rh6 h3 49. d6 h2 50. Kxe5 h1Q 51. Rxh1 Kxh1 52. Ke6 Rh7 53. d7 Rh8 54. Ke7 Kg2 55. d8Q Rxd8 56. Kxd8 Kf3 57. a5 Ke3 58. a6 Kd3 59. a7 Kxc3 60. a8Q c4 61. Qa3+ Kd2 62. Qa2+ Kd3 63. Qb2 c3 64. Qc1 c2 65. Kc7 1-0